Médailles olympiques en Hockey sur glace - Statistiques

Statistiques générales
  • Ce quiz a été pris 635 fois
  • Le résultat moyen est 9 sur 11
Statistiques - réponses
Or Argent Bronze Pays % Correct
13 5 2 Canada
100%
3 11 2 États-Unis
99%
2 4 5 Suéde
96%
0 2 6 Finlande
95%
0 1 1 Russie
91%
1 0 1 Republiqué Tchèque
79%
0 0 2 Allemagne / Allemagne de l'Ouest
77%
0 0 3 Suisse
74%
8 1 1 Union Soviétique / l'Équipe unifiée
68%
1 0 1 Grande-Bretagne
54%
0 4 4 Tchécoslovaquie
35%
Aucun quiz correspondant
Distribution des résultats
% des personnes avec chaque résultat
Percentile par nombre de réponses
Votre historique - résultats
Vous n’avez pas pris ce quiz